000 00918nam a2200241Ia 4500
001 18522
003 GE_BSU
008 181216s||||||||xx |||||||||||||| ||und||
020 _aISBN 978-99940-54-22-0
040 _cGE_BSU
080 _a821.111-31
100 _aოსტინი, ჯეინ
245 _aსიამაყე და მცდარი აზრი : [რომანი]
245 _cინგლ. თარგმნა ანა მაყაშვილმა ; რედ.: გიორგი დარსალია, ირმა არჩუაშვილი ; მხატვ. ნანა ჭილაძე.
260 _aთბილისი
260 _bარეტე
260 _c2011
300 _a401გვ;20სმ.
541 _h12ლ.90თ.
653 _aრომანი
653 _aსიამაყე და მცდარი აზრი
942 _cBK
999 _c51532
_d51532